Electronic drafting and design (Record no. 20866)

000 -LEADER
fixed length control field 00602nam a22002051 4500
001 - CONTROL NUMBER
control field 20866
003 - CONTROL NUMBER IDENTIFIER
control field BD-DhUET
008 - FIXED-LENGTH DATA ELEMENTS--GENERAL INFORMATION
fixed length control field 840208s1966 nyua b 000 0 eng
040 ## - CATALOGING SOURCE
Original cataloging agency DLC
Transcribing agency DLC
Modifying agency BD-DhUET
082 00 - DEWEY DECIMAL CLASSIFICATION NUMBER
Classification number 623.004
Item number RAS/1966
100 ## - MAIN ENTRY--PERSONAL NAME
Personal name Raskhodoff, Nicholas M.
245 10 - TITLE STATEMENT
Title Electronic drafting and design
250 ## - EDITION STATEMENT
Edition statement 1st ed.
260 ## - PUBLICATION, DISTRIBUTION, ETC. (IMPRINT)
Place of publication, distribution, etc. New Jersey
Date of publication, distribution, etc. 1966
Name of publisher, distributor, etc. Prentice-Hall
300 ## - PHYSICAL DESCRIPTION
Extent xii, 594 p.
Other physical details illus.
Dimensions 24 cm.
490 ## - SERIES STATEMENT
Series statement Prentice-Hall series in electronic technology
504 ## - BIBLIOGRAPHY, ETC. NOTE
Bibliography, etc Includes bibliographies
650 #0 - SUBJECT ADDED ENTRY--TOPICAL TERM
Topical term or geographic name as entry element Electrical Engineering : Design and drafting
942 ## - ADDED ENTRY ELEMENTS (KOHA)
Koha item type General Book
Holdings
Piece designation (barcode) Price effective from Not for loan Sublocation or collection (holding branch) Withdrawn status Koha full call number Location (home branch) Damaged status Lost status Koha date last seen Shelving location Copy number Koha item type Date acquired Source of classification or shelving scheme Koha normalized classification for sorting
77792015-04-13 Central Library, BUET 623.004/RAS/1966Central Library, BUET  2015-04-13Circulation section1General Book2015-04-13 623_004000000000000_RAS_1966
77782015-04-13 Central Library, BUET 623.004/RAS/1966Central Library, BUET  2015-04-13Circulation section2General Book2015-04-13 623_004000000000000_RAS_1966
77822015-04-13 Central Library, BUET 623.004/RAS/1966Central Library, BUET  2015-04-13Circulation section3General Book2015-04-13 623_004000000000000_RAS_1966
77802015-04-13 Central Library, BUET 623.004/RAS/1966Central Library, BUET  2015-04-13Circulation section4General Book2015-04-13 623_004000000000000_RAS_1966
200202015-04-13 Central Library, BUET 623.004/RAS/1966Central Library, BUET  2015-04-13Circulation section5General Book2015-04-13 623_004000000000000_RAS_1966
77812015-04-13 Central Library, BUET 623.004/RAS/1966Central Library, BUET  2015-04-13Circulation section6General Book2015-04-13 623_004000000000000_RAS_1966
77832015-06-25 Central Library, BUET 623.004/RAS/1966Central Library, BUET  2015-06-25Reading section7General Book2015-06-25 623_004000000000000_RAS_1966